One Of These Days - Pink Floyd full Lyrics - Statistics

General Stats
  • This quiz has been taken 8 times
  • The average score is 10 of 12
Answer Stats
Answer % Correct
days
100%
of
100%
One
100%
these
100%
going
88%
I'm
88%
to
88%
cut
75%
into
75%
little
75%
pieces.
75%
you
75%
No matching quizzes found
Score Distribution
Percent of People with Each Score
Percentile by Number Answered
Your Score History
You have not taken this quiz